Hearts of Iron IV Trivia - Statistics

General Stats
  • This quiz has been taken 173 times
  • The average score is 12 of 23
Answer Stats
Question Answer % Correct
The optimal combat width for a division is usually either __ or __. 20 or 40
81%
In a historical game, what will Germany's first focus be? Rhineland
80%
What is the only South American nation that is communist in 1936? Paraguay
71%
What are the five resources used in equipment production? Steel
69%
In 1936, Japan has two puppets. What is the smaller one called? Mengkukuo
68%
What percentage of consumer goods does Early Mobilization give? 30%
65%
What are the five resources used in equipment production? Rubber
61%
The three types of combat ships are capitals, submarines, and ____. Screens
61%
The Canadian focus "Skewer the Eagle" allows them to create a faction with which nation? Mexico
59%
Besides Japan, which nation has access to bicycle divisions? The Netherlands
59%
On which state do both Austria and Italy have a core? South Tyrol
57%
What are the five resources used in equipment production? Aluminium
54%
What are the five resources used in equipment production? Tungsten
54%
What European nation which exists in 1936 went from having one state to two states in the Battle for the Bosphorus DLC? Albania
52%
If the British Raj is at war, they run the risk of suffering what disaster? Famine
51%
Which nation has the longest focus tree? Spain
51%
What are the five resources used in equipment production? Chromium
50%
With their focus tree, Italy can ask Germany for two Vichy French states. Name one. Corsica and Savoy
46%
What nation can be formed by either Latvia, Lithuania, or Estonia? Baltic Federation
43%
What is the name of Finland's national spirit which grants them numerous combat bonuses? Sisu
27%
Which nation(s) has the shortest focus tree? Chinese Warlords
20%
Who can Great Britain install as the monarch of America? Wallis Simpson
18%
Without any modifiers, how many units of fuel does one unit of oil produce per day? 48
9%
No matching quizzes found
Score Distribution
Percent of People with Each Score
Percentile by Number Answered
Your Score History
You have not taken this quiz